Татар теленнән тикшерү тестлары (Запись № 11934825)

Подробности
000 -МАРКЕР
контрольное поле 02594nam0a2200337 4500
001 - ИДЕНТИФИКАТОР ЗАПИСИ
контрольное поле RU\NLR\BIBL_A\011203189
005 - ИДЕНТИФИКАТОР ВЕРСИИ
контрольное поле 20250625215248.0
010 ## - МЕЖДУНАРОДНЫЙ СТАНДАРТНЫЙ НОМЕР КНИГИ (ISBN)
Номер (ISBN) 978-5-298-03106-6
Тираж 2000
021 ## - НОМЕР ГОСУДАРСТВЕННОЙ РЕГИСТРАЦИИ
Код страны Российская Федерация
Номер 2016-36742
Номер Листа государственной регистраци 2361
035 ## - ДРУГИЕ СИСТЕМНЫЕ НОМЕРА
Идентификатор записи (NLR Aleph) 011203189
100 ## - ДАННЫЕ ОБЩЕЙ ОБРАБОТКИ
Данные общей обработки 20160901d2016 |||y0rusy50 ca
101 0# - ЯЗЫК РЕСУРСА
Язык текста, звукозаписи и т.д. татарский
102 ## - СТРАНА ПУБЛИКАЦИИ ИЛИ ПРОИЗВОДСТВА
Страна публикации Российская Федерация
105 ## - ПОЛЕ КОДИРОВАННЫХ ДАННЫХ: ТЕКСТОВЫЕ МАТЕРИАЛЫ, МОНОГРАФИЧЕСКИЕ
Кодированные данные о монографическом текстовом документе y z 000 y
200 1# - ЗАГЛАВИЕ И СВЕДЕНИЯ ОБ ОТВЕТСТВЕННОСТИ
Основное заглавие Татар теленнән тикшерү тестлары
Параллельное заглавие Контрольные тесты по татарскому языку
Сведения, относящиеся к заглавию 4 с-ф
-- рус телендә гомуми белем бирү оешмалары өчен уку әсбабы
-- (татар телен туган тел буларак өйрәнүче укучылар өчен)
Первые сведения об ответственности Ә. Ш. Юсупова, Г. Ә. Нәбиуллина, Г. Р. Мөгътәсимова, Г. Ә. Хәлиуллина
210 ## - ПУБЛИКАЦИЯ, РАСПРОСТРАНЕНИЕ И ДР.
Место издания, распространения и т.д. Казан
Имя издателя, распространителя и т. д. Татар. кит. нәшр.
Дата издания, распространения и т.д. 2016
215 ## - ФИЗИЧЕСКАЯ ХАРАКТЕРИСТИКА
Специфическое обозначение материала и объем 66,[2] б.
Размеры 21
320 ## - ПРИМЕЧАНИЯ О НАЛИЧИИ В ДОКУМЕНТЕ БИБЛИОГРАФИИ / УКАЗАТЕЛЯ
Текст примечания Библиогр.в конце кн.
510 1# - ПАРАЛЛЕЛЬНОЕ ЗАГЛАВИЕ
Параллельное заглавие Контрольные тесты по татарскому языку
Сведения, относящиеся к заглавию 4 кл.: учеб. пособие для общеобразоват. орг. с обучением на рус. яз.: (для изучающих татар. яз. как родной).
Язык заглавия русский
Параллельное заглавие учеб. пособие для общеобразоват. орг. с обучением на рус. яз.
Сведения, относящиеся к заглавию (для изучающих татар. яз. как родной).
541 1# - ПЕРЕВОД ЗАГЛАВИЯ, СДЕЛАННЫЙ КАТАЛОГИЗАТОРОМ
Заглавие Контрольные тесты по татарскому языку
Сведения, относящиеся к заглавию 4 кл.: учеб. пособие для общеобразоват. орг. с обучением на рус. яз.: (для изучающих татар. яз. как родной).
-- учеб. пособие для общеобразоват. орг. с обучением на рус. яз.
-- (для изучающих татар. яз. как родной).
Язык заглавия русский
606 1# - НАИМЕНОВАНИЕ ТЕМЫ КАК ПРЕДМЕТ
Наименование темы Татарский язык
Формальный подзаголовок Учебные издания для начальной школы
Системный номер авторитетной/нормативной записи 1481084
Идентификатор авторитетной/нормативной записи RU\NLR\AUTH\66630778
686 1# - ИНДЕКСЫ ДРУГИХ КЛАССИФИКАЦИЙ
Индекс Ш163.23-93рус21[4]
701 #1 - ИМЯ ЛИЦА - АЛЬТЕРНАТИВНАЯ ОТВЕТСТВЕННОСТЬ
Начальный элемент ввода Юсупова
Часть имени, кроме начального элемента ввода Ә. Ш. кызы
Расширение инициалов личного имени Әлфия Шәүкәт кызы
Код отношения Автор
701 #1 - ИМЯ ЛИЦА - АЛЬТЕРНАТИВНАЯ ОТВЕТСТВЕННОСТЬ
Начальный элемент ввода Нәбиуллина
Часть имени, кроме начального элемента ввода Г. Ә. кызы
Расширение инициалов личного имени Гүзәл Әмир кызы
Код отношения Автор
701 #1 - ИМЯ ЛИЦА - АЛЬТЕРНАТИВНАЯ ОТВЕТСТВЕННОСТЬ
Начальный элемент ввода Мөгътәсимова
Часть имени, кроме начального элемента ввода Г. Р. кызы
Расширение инициалов личного имени Гөлназ Ринат кызы
Код отношения Автор
701 #1 - ИМЯ ЛИЦА - АЛЬТЕРНАТИВНАЯ ОТВЕТСТВЕННОСТЬ
Начальный элемент ввода Хәлиуллина
Часть имени, кроме начального элемента ввода Г. Ә. кызы
Расширение инициалов личного имени Гөлсирин Әхмәт кызы
Код отношения Автор
852 ## - МЕСТОНАХОЖДЕНИЕ И ШИФР ХРАНЕНИЯ
Идентификатор организации NLR
Наименование фонда или коллекции (Sub-Location Identifier) ОНЛ
Шифр хранения (Call Number) Татар./3-14809
942 ## - ДОПОЛНИТЕЛЬНЫЕ ЭЛЕМЕНТЫ ЗАПИСИ (АБИС)
Тип экземпляра АБИС Книга
980 ## - КОЛЛЕКЦИЯ
Название коллекции Национальная библиография
Экземпляры
Тип экземпляра Дата поступления Источник поступления Библиотека постоянного хранения Библиотека текущего хранения Место хранения Шифр хранения Штрих-код Статус экземпляра
Книга 01.09.2016 Обязательный экземпляр РНБ (Московский) РНБ (Московский) Фонд национальных литератур ОНЛ Татар./3-14809 1-1433830 Доставлен в Фoнд